00747nam a2200229Ia 4500003000900000008004100009020003000050020003100080022002200111022002300133040001600156100001700172245002600189260005700215300002000272490003400292650005700326650001600383650001600399700002900415856007300444IN-BaIIA211028s9999 xx s 000 0 eng d a978-3-642-16157-5 (Print) a978-3-642-16158-2 (Online) a1860-0832 (Print) a1860-0840 (Online) cIIA Library aLiu, Sifeng  0aGrey Systemsh[eBook] aHeidelberg, BerlinbSpringer Berlin Heidelbergc2011 aOnline resource aUnderstanding Complex Systems a Applications of Nonlinear Dynamics and Chaos Theory a Complexity aEngineering aYi Lin Forrest, Jeffrey  uhttp://doi.org/10.1007/978-3-642-16158-2yClick Here to Access eBook